000 01215naa a22003377a 4500
001 BR7405633
003 BR-BrBNA
005 20240918173640.0
007 ta
008 230509b bl.||||| |||| 00| 0 por d
040 _aBR-BrBNA
_bpor
_cBiblioteca Nacional de Agricultura
041 _a(Pt)
072 _aF00; E10; E70
_b0430
090 _aF00 BR7405633
100 1 _aFerraz, D. de A.
111 1 _aConferencia Internacional Algodoeira
_cRio de Janeiro, GB (Brazil)
_d15 Oct 1922
245 1 _aO ouro branco [Algodao; Gossypium spp; Previsao de safra; Mercado internacional; Industrializacao]
260 3 _aRio de Janeiro, GB (Brasil):
_c1922.
500 _aAnnaes da Conferencia Internacional Algodoeira Rio de Janeiro, GB (Brasil): 1922. p. 173-181 (BR7405633-AM)F00
650 _aProducao vegetal
650 _aMacroeconomia
650 _aComercializacao
650 _aAlgodao
650 _aPrevisao de safra
650 _aIndustrializacao
650 _aMercado Internacional
650 _aPreco
773 0 _tAnnaes da Conferencia Internacional Algodoeira
_b
_wF00 BR7405633
_gRio de Janeiro, GB (Brasil), 1922. p. 173-181
909 _a202404
_bLucia
_c55
_dLucia Elande
942 _cAM
_2AGRIS
999 _c305967
_d305967